[Event "English Open 2025"]
[Site "Kenilworth ENG"]
[Date "2025.07.20"]
[Round "5.11"]
[White "Hebden, Mark L"]
[Black "Villiers, Thomas"]
[Result "1-0"]
[WhiteTitle "GM"]
[BlackTitle "CM"]
[WhiteElo "2355"]
[BlackElo "2158"]
[WhiteFideId "400084"]
[BlackFideId "427209"]
[EventDate "2025.07.18"]

1. d4 d5 2. c4 c6 3. Nf3 Nf6 4. e3 Bf5 5. Nc3 e6 6. Nh4 Bg6 7. Qb3 Qb6 8. Nxg6
hxg6 9. Bd2 Nbd7 10. O-O-O Bd6 11. Be2 Qxb3 12. axb3 O-O-O 13. h3 Kb8 14. Rhe1
a6 15. Kc2 Bc7 16. Ra1 Rhe8 17. Bf1 c5 18. cxd5 cxd4 19. exd4 Nxd5 20. Nxd5 exd5
21. Rxe8 Rxe8 22. b4 Bb6 23. Kd3 Nf8 24. Bf4+ Kc8 25. b5 Ne6 26. Be3 axb5 27.
Kc3 b4+ 28. Kxb4 Nxd4 29. Ra8+ Kd7 30. Rxe8 1-0

[Event "English Open 2025"]
[Site "Kenilworth ENG"]
[Date "2025.07.20"]
[Round "5.12"]
[White "Pereslavtsev, Alexandr"]
[Black "Richardson, John R"]
[Result "1-0"]
[BlackTitle "FM"]
[WhiteElo "2040"]
[BlackElo "2270"]
[WhiteFideId "343401449"]
[BlackFideId "401617"]
[EventDate "2025.07.18"]

1. d4 Nf6 2. c4 e6 3. Nf3 b6 4. g3 Ba6 5. Qc2 c5 6. d5 exd5 7. cxd5 Bb7 8. Bg2
Nxd5 9. O-O Be7 10. Rd1 Nc6 11. Qf5 Nf6 12. e4 g6 13. Qf4 Nh5 14. Qh6 Bf6 15. e5
Bg7 16. Qd2 Nd4 17. Nxd4 Bxg2 18. Kxg2 cxd4 19. Qxd4 f5 20. Qd5 Qc8 21. h3 Rf8
22. Nc3 Qc6 23. f4 g5 24. fxg5 f4 25. g4 f3+ 26. Kf2 Nf4 27. Bxf4 Rxf4 28. e6
O-O-O 29. exd7+ Kb7 30. Qxc6+ Kxc6 31. Rac1 Rf7 32. Ne4+ 1-0

[Event "English Open 2025"]
[Site "Kenilworth ENG"]
[Date "2025.07.20"]
[Round "5.13"]
[White "Burrows, Martin P"]
[Black "Jones, Steven A"]
[Result "0-1"]
[WhiteElo "2057"]
[BlackElo "2184"]
[WhiteFideId "409057"]
[BlackFideId "419630"]
[EventDate "2025.07.18"]

1. e4 e6 2. d4 d5 3. Nc3 dxe4 4. Nxe4 Nf6 5. Nxf6+ Qxf6 6. Nf3 h6 7. Bd3 Nd7 8.
O-O Bd6 9. Qe2 Qe7 10. Re1 O-O 11. Ne5 c5 12. c3 Rd8 13. Bc2 Nf6 14. Be3 Qc7 15.
Ng4 Nxg4 16. Qxg4 Bxh2+ 17. Kh1 e5 18. Qh4 Bf4 19. dxe5 Bxe3 20. Rxe3 Be6 21.
Qe4 g6 22. Rg3 Rd2 23. Rd1 Rxd1+ 24. Bxd1 Kh7 25. Bf3 Bf5 26. Qc4 Re8 27. Bd5
Rxe5 28. Bxf7 b5 29. Bxg6+ Bxg6 30. Qxb5 Qe7 31. Rg4 Rh5+ 0-1

[Event "English Open 2025"]
[Site "Kenilworth ENG"]
[Date "2025.07.20"]
[Round "5.14"]
[White "Martin, Lewis"]
[Black "Khoury, Theo"]
[Result "0-1"]
[WhiteTitle "FM"]
[BlackTitle "CM"]
[WhiteElo "2038"]
[BlackElo "2229"]
[WhiteFideId "410551"]
[BlackFideId "480703"]
[EventDate "2025.07.18"]

1. e4 c5 2. Nf3 d6 3. d4 cxd4 4. Nxd4 Nf6 5. Nc3 a6 6. h3 e5 7. Nde2 h5 8. Bg5
Be6 9. g3 Nbd7 10. Bg2 b5 11. O-O Be7 12. f4 b4 13. Nd5 Bxd5 14. exd5 Qb6+ 15.
Kh1 Ng4 16. Qd2 f6 17. hxg4 fxg5 18. Be4 hxg4+ 19. Kg2 gxf4 20. gxf4 O-O-O 21.
c3 Rh3 22. Ng1 Rh4 23. cxb4 Rdh8 24. Rac1+ Kb8 25. Rf2 Nf6 26. Rc4 Rh2+ 27. Kf1
g3 28. Re2 Rxe2 29. Qxe2 Rh2 30. Bg2 Nxd5 0-1

[Event "English Open 2025"]
[Site "Kenilworth ENG"]
[Date "2025.07.20"]
[Round "5.15"]
[White "Hanache, Kai"]
[Black "Cont, Arya"]
[Result "1/2-1/2"]
[WhiteElo "2108"]
[BlackElo "2090"]
[WhiteFideId "490105"]
[BlackFideId "26100363"]
[EventDate "2025.07.18"]

1. e4 e5 2. Nf3 Nc6 3. Bb5 a6 4. Ba4 Nf6 5. O-O Nxe4 6. d4 Be7 7. Re1 b5 8. Rxe4
d5 9. Nxe5 Nxe5 10. Rxe5 bxa4 11. Nc3 O-O 12. Rxd5 Bd6 13. Bg5 f6 14. Bf4 Be6
15. Bxd6 cxd6 16. Rh5 a3 17. bxa3 Qd7 18. Qd3 h6 19. Qg3 Kh7 20. Ne4 g5 21. h4
Bg4 22. hxg5 Bxh5 23. Nxf6+ Rxf6 24. gxf6 Rg8 25. Qd3+ Bg6 26. Qxa6 Be4 27. f3
Rxg2+ 28. Kxg2 Qg4+ 1/2-1/2

[Event "English Open 2025"]
[Site "Kenilworth ENG"]
[Date "2025.07.20"]
[Round "5.16"]
[White "Verbytski, Oleg"]
[Black "Murawski, Jan"]
[Result "0-1"]
[BlackTitle "CM"]
[WhiteElo "1998"]
[BlackElo "2191"]
[WhiteFideId "495506"]
[BlackFideId "21009287"]
[EventDate "2025.07.18"]

1. e4 e5 2. Nf3 Nc6 3. Bc4 Bc5 4. d3 Nf6 5. c3 d6 6. b4 Bb6 7. a4 a5 8. b5 Ne7
9. O-O Ng6 10. Nbd2 O-O 11. h3 h6 12. Re1 c6 13. Ba3 Re8 14. bxc6 bxc6 15. Qb3
d5 16. exd5 Nxd5 17. Ne4 Rb8 18. Qc2 Ngf4 19. Ng3 Qf6 20. Nh2 Qg6 21. Kh1 h5 22.
Rg1 h4 23. Ne4 Bf5 24. Rad1 Nh5 25. Nf3 Nhf4 26. Nd6 Qh5 27. Nxe8 Rxe8 28. Nh2
Ne2 29. Rgf1 Ndf4 30. Qb3 Qg5 31. Bxf7+ Kh8 32. Ng4 Bxg4 33. hxg4 Qxg4 34. Rg1
h3 35. g3 Qf3+ 36. Kh2 Qxf2+ 37. Kh1 Qf3+ 38. Kh2 Bxg1+ 39. Rxg1 Qf2+ 40. Kh1
Qxg1# 0-1

[Event "English Open 2025"]
[Site "Kenilworth ENG"]
[Date "2025.07.20"]
[Round "5.17"]
[White "Varley, Joe"]
[Black "Liu, Tianyi (Jack)"]
[Result "1-0"]
[WhiteElo "2023"]
[BlackElo "2111"]
[WhiteFideId "461962"]
[BlackFideId "8627894"]
[EventDate "2025.07.18"]

1. e4 c5 2. Nf3 e6 3. g3 Nc6 4. Bg2 Nf6 5. Qe2 d5 6. exd5 Nxd5 7. O-O Be7 8. c3
O-O 9. d3 b6 10. Nbd2 Bb7 11. Rd1 Rc8 12. Ne4 h6 13. h4 Re8 14. Nh2 Bf8 15. a3
Ba6 16. Nf3 Nf6 17. Qc2 Nxe4 18. dxe4 Qc7 19. Bf4 e5 20. Be3 Rcd8 21. b3 Bc8 22.
Bf1 Bg4 23. Be2 Rxd1+ 24. Rxd1 Rd8 25. Rd5 Be6 26. Rxd8 Nxd8 27. Nd2 Nc6 28. Bb5
Be7 29. Bxc6 Qxc6 30. c4 Qd7 31. Nb1 f5 32. Nc3 f4 33. Bc1 Bh3 34. Qd1 fxg3 35.
fxg3 Qc8 36. Nd5 Bf8 37. Bb2 Qe6 38. Ne3 Kh7 39. Kh2 g5 40. g4 h5 41. Kxh3 Qf6
42. Qd7+ 1-0

[Event "English Open 2025"]
[Site "Kenilworth ENG"]
[Date "2025.07.20"]
[Round "5.18"]
[White "Vaidyanathan, Adithya"]
[Black "Okhai, Shabir"]
[Result "1-0"]
[WhiteElo "2094"]
[BlackElo "2089"]
[WhiteFideId "495450"]
[BlackFideId "445134"]
[EventDate "2025.07.18"]

1. d4 Nf6 2. c4 e6 3. Nf3 d5 4. Nc3 Be7 5. Bg5 h6 6. Bh4 O-O 7. e3 Nbd7 8. cxd5
Nxd5 9. Bxe7 Qxe7 10. Nxd5 exd5 11. Bd3 Qb4+ 12. Qd2 Qxd2+ 13. Kxd2 a5 14. b3
Nf6 15. Rhc1 c6 16. Ne5 Ng4 17. Nxg4 Bxg4 18. a3 Ra7 19. f3 Bd7 20. e4 dxe4 21.
fxe4 Be6 22. Bc4 Re8 23. d5 Rd8 24. Kc3 cxd5 25. exd5 Bf5 26. Re1 b5 27. Bxb5
Rxd5 28. Bc4 Rc7 29. Rad1 Be6 30. Rxd5 Bxd5 31. Re8+ Kh7 32. g3 a4 33. Kb4 Bc6
34. Rb8 axb3 35. Bxb3 f5 36. a4 g5 37. Bc2 Be4 38. Bxe4 fxe4 39. Re8 Rc2 40.
Rxe4 Rxh2 41. a5 Rb2+ 42. Ka4 h5 43. a6 Kg6 44. Ka5 Rb8 45. a7 Rf8 46. Ra4 g4
47. Kb6 Rf6+ 48. Kb7 Rf7+ 49. Kc6 Rxa7 50. Rxa7 1-0

[Event "English Open 2025"]
[Site "Kenilworth ENG"]
[Date "2025.07.20"]
[Round "5.19"]
[White "Clarke, James"]
[Black "Verma, Aditya"]
[Result "1/2-1/2"]
[WhiteElo "1941"]
[BlackElo "2092"]
[WhiteFideId "463140"]
[BlackFideId "426202"]
[EventDate "2025.07.18"]

1. e4 c5 2. Nf3 d6 3. d4 cxd4 4. Nxd4 Nf6 5. Nc3 a6 6. Bg5 e6 7. Qf3 Nbd7 8.
O-O-O Qc7 9. Bd3 Be7 10. g4 b5 11. Bxf6 Nxf6 12. g5 Nd7 13. h4 b4 14. Nce2 g6
15. Kb1 e5 16. Nb3 a5 17. Nd2 Ba6 18. Bxa6 Rxa6 19. Nf1 Rc6 20. Ne3 Nb6 21. Qg3
a4 1/2-1/2

[Event "English Open 2025"]
[Site "Kenilworth ENG"]
[Date "2025.07.20"]
[Round "5.20"]
[White "Saunders, Aron"]
[Black "Yu, Rock"]
[Result "1-0"]
[WhiteElo "2135"]
[BlackElo "2099"]
[WhiteFideId "469343"]
[BlackFideId "489000"]
[EventDate "2025.07.18"]

1. e4 e6 2. d4 d5 3. e5 c5 4. c3 Nc6 5. Nf3 Bd7 6. Be2 Nge7 7. O-O Ng6 8. g3 Be7
9. h4 cxd4 10. cxd4 O-O 11. h5 Nh8 12. Nc3 f6 13. exf6 Bxf6 14. Kg2 Nf7 15. Bf4
Ng5 16. Bxg5 Bxg5 17. Nxg5 Qxg5 18. f4 Qf6 19. Bb5 Nb8 20. Bd3 Nc6 21. Bb5 Nb8
22. Bd3 Nc6 23. Ne2 Nb4 24. Qd2 Nxd3 25. Qxd3 Rfc8 26. Rac1 Be8 27. Rh1 a6 28.
Nc3 Rc4 29. Rcd1 Rac8 30. Rd2 R8c7 31. Qe3 Qf5 32. h6 Bg6 33. Re1 gxh6 34. Qxe6+
Qxe6 35. Rxe6 Rxc3 36. bxc3 Be4+ 37. Rxe4 dxe4 38. Rc2 Kf7 39. Kf2 Ke6 40. Ke3
Rg7 41. Kxe4 Rxg3 42. c4 Rg1 43. d5+ Kf6 44. Rh2 Re1+ 45. Kd4 Rd1+ 46. Kc5 b5
47. Rxh6+ Kf5 48. cxb5 axb5 49. Rxh7 Kxf4 50. Re7 b4 51. d6 Kf5 52. Re2 Kf6 53.
Kc6 1-0

[Event "English Open 2025"]
[Site "Kenilworth ENG"]
[Date "2025.07.20"]
[Round "5.21"]
[White "Salmons, Calum"]
[Black "Mason, Donald J"]
[Result "1-0"]
[WhiteElo "2085"]
[BlackElo "2011"]
[WhiteFideId "437280"]
[BlackFideId "405116"]
[EventDate "2025.07.18"]

1. c4 e5 2. Nc3 Nc6 3. g3 f5 4. Bg2 Nf6 5. e3 d6 6. Nge2 Be7 7. d4 O-O 8. O-O
Qe8 9. a3 Qh5 10. f4 e4 11. b4 Nd8 12. d5 Qe8 13. Nd4 a6 14. a4 h5 15. h4 Ng4
16. Bh3 c5 17. bxc5 dxc5 18. Nb3 Bd6 19. Bxg4 hxg4 20. a5 Bd7 21. Ba3 Rc8 22.
Qc2 Rc7 23. Rfb1 Qh5 24. Nd2 g5 25. hxg5 Ba4 26. Nb3 Rh7 27. Qg2 Bxb3 28. Rxb3
Kf7 29. Kf2 Rfh8 30. Rbb1 Qg6 31. Rh1 Rh3 32. Na4 Qh5 33. Rxh3 gxh3 34. Qh1 Qg4
35. Qd1 1-0

[Event "English Open 2025"]
[Site "Kenilworth ENG"]
[Date "2025.07.20"]
[Round "5.22"]
[White "Sasikumar, Srivathsan"]
[Black "Elgar, Tim"]
[Result "0-1"]
[WhiteElo "2038"]
[BlackElo "2093"]
[WhiteFideId "343401279"]
[BlackFideId "343413285"]
[EventDate "2025.07.18"]

1. e4 d5 2. exd5 Qxd5 3. Nc3 Qd6 4. d4 Nf6 5. Nf3 a6 6. h3 b5 7. a3 Bb7 8. Be2
e6 9. Be3 Nbd7 10. Qd2 c5 11. dxc5 Qxd2+ 12. Kxd2 Nxc5 13. Rad1 Nfe4+ 14. Nxe4
Bxe4 15. Rhg1 Rc8 16. Bd3 Nxd3 17. cxd3 Bxf3 18. gxf3 g6 19. Rc1 Kd7 20. Rxc8
Kxc8 21. Bf4 Kd7 22. Be5 Bh6+ 23. Ke2 Rc8 24. Bc3 Bf4 25. d4 Kd6 26. Kd3 Kd5 27.
Ra1 Bd6 28. Rg1 Be7 29. Re1 Bf6 30. Re4 Bg7 31. Re1 f5 32. Rd1 Bf6 33. Re1 Rc6
34. Re2 Rc7 35. Re1 Rg7 36. Rc1 Bd8 37. Re1 Bc7 38. Bb4 Bf4 39. Ra1 Rc7 40. Bc3
Rb7 41. Re1 g5 42. Rg1 Rg7 43. Ra1 Bd6 44. Rg1 Rg6 45. Bd2 Bf4 46. Bb4 Rh6 47.
Rh1 Rh4 48. b3 Bd6 49. Bd2 Rxd4+ 50. Ke2 h6 51. b4 Bf4 52. Bc3 Rc4 53. Kd3 e5
54. Rd1 e4+ 55. fxe4+ fxe4+ 56. Kc2+ Ke6 57. Kb3 Be5 58. Be1 Rd4 59. Rc1 Rd3+
60. Ka2 Kd7 61. Rc2 Rxh3 62. Re2 Rh4 63. f3 Rh2 64. Rxh2 Bxh2 65. fxe4 g4 66. a4
g3 67. axb5 axb5 68. Kb3 g2 69. Bf2 g1=Q 70. Bxg1 Bxg1 71. Kc3 Ke6 0-1

[Event "English Open 2025"]
[Site "Kenilworth ENG"]
[Date "2025.07.20"]
[Round "5.23"]
[White "Larkin, Benjamin"]
[Black "Sachdeva, Ronit"]
[Result "1-0"]
[WhiteElo "2029"]
[BlackElo "2060"]
[WhiteFideId "479977"]
[BlackFideId "343401589"]
[EventDate "2025.07.18"]

1. e4 e5 2. Nf3 Nc6 3. Bc4 Bc5 4. c3 Nf6 5. d4 exd4 6. e5 d5 7. Bb5 Ne4 8. cxd4
Bb6 9. Nc3 O-O 10. Be3 f5 11. Ne2 Ba5+ 12. Kf1 Ne7 13. g3 f4 14. Nxf4 g5 15. Ng2
Bg4 16. Be2 Nf5 17. Kg1 Qd7 18. h3 Nxe3 19. Nxe3 Bxf3 20. Bxf3 Be1 21. Rh2 Qf7
22. Qxe1 Qxf3 23. Nxd5 Rad8 24. Nxc7 Rxd4 25. Ne6 Nxf2 26. Nxf8 Qxg3+ 27. Rg2
Nxh3+ 28. Kh1 Qxe1+ 29. Rxe1 Kxf8 30. e6 Ke7 31. Rc2 Nf4 32. Rc7+ Ke8 33. e7 1-0

[Event "English Open 2025"]
[Site "Kenilworth ENG"]
[Date "2025.07.20"]
[Round "5.24"]
[White "Schell, Finn"]
[Black "Savidge, Daniel"]
[Result "0-1"]
[WhiteElo "1995"]
[BlackElo "2141"]
[WhiteFideId "343406378"]
[BlackFideId "450332"]
[EventDate "2025.07.18"]

1. e4 c5 2. Nf3 Nc6 3. Bb5 Nf6 4. Bxc6 dxc6 5. d3 Bg4 6. h3 Bxf3 7. Qxf3 g6 8.
Be3 Bg7 9. Nd2 Nd7 10. O-O O-O 11. Rab1 Qa5 12. Qg3 Rfd8 13. f4 Qa4 14. Nf3 Qxc2
15. Rbd1 Qe2 16. Bc1 Nf6 17. Rfe1 Nxe4 18. Rxe2 Nxg3 19. Rxe7 Rab8 20. Ng5 Bf8
21. Ree1 Rd5 22. Kf2 Nf5 23. Ne4 Bg7 24. g4 Nd4 25. Nc3 Rd7 26. Ne4 b6 27. b3
Nb5 28. f5 Nc3 29. Nxc3 Bxc3 30. Re4 Kg7 31. Bf4 Rbd8 32. fxg6 hxg6 33. Ke2 Rh8
34. Rh1 Rdd8 35. h4 Rhe8 36. h5 Kf6 37. Rf1 Rxe4+ 38. dxe4 Ke6 39. Rf3 Bh8 40.
hxg6 fxg6 41. Rh3 Be5 42. Bd2 Rd7 43. Rh1 b5 44. Rf1 Rh7 45. Rf8 Rh2+ 46. Kd3
c4+ 47. bxc4 bxc4+ 48. Kxc4 Rxd2 49. Re8+ Kf6 50. g5+ Kxg5 51. Rxe5+ Kf4 52. Re6
g5 53. Rg6 Rxa2 54. Kd3 Ra3+ 55. Kd4 Ra4+ 0-1

[Event "English Open 2025"]
[Site "Kenilworth ENG"]
[Date "2025.07.20"]
[Round "5.25"]
[White "Lebedev, Lion"]
[Black "Mesropyan, Hayk"]
[Result "1-0"]
[WhiteElo "2048"]
[BlackElo "1892"]
[WhiteFideId "551005492"]
[BlackFideId "499455"]
[EventDate "2025.07.18"]

1. d4 d5 2. c4 e6 3. Nf3 Nf6 4. g3 Bb4+ 5. Bd2 Be7 6. Bg2 O-O 7. Qc2 c6 8. O-O
Nbd7 9. b3 b6 10. Rd1 Ba6 11. Bf4 Rc8 12. Nc3 Nh5 13. Bc1 Qc7 14. cxd5 cxd5 15.
Bb2 Nhf6 16. Rac1 Ne4 17. Qb1 Nxc3 18. Bxc3 Qd6 19. Bf1 Nf6 20. Bb2 Ne4 21. Rxc8
Rxc8 22. Rc1 Rc7 23. Rc2 h5 24. Qc1 Rxc2 25. Qxc2 h4 26. a3 hxg3 27. hxg3 Bd8
28. Ne5 f6 29. Nc6 Bc7 30. Bc1 Qd7 31. a4 Bd6 32. Bg2 Bxe2 33. Nxa7 Nc3 34. Qxc3
Qxa7 35. Bh3 Qe7 36. Qe3 Bd1 37. Bxe6+ Kf8 38. Bxd5 Qc7 39. Qe6 Bg4 40. Qg8+ Ke7
41. Qxg7+ Kd8 42. Qxf6+ Be7 43. Qh8+ Kd7 44. Bf4 Qc3 45. Qa8 Be2 46. Kg2 Qc2 47.
Be4 Qc3 48. Bf5# 1-0

[Event "English Open 2025"]
[Site "Kenilworth ENG"]
[Date "2025.07.20"]
[Round "5.26"]
[White "Norris, Zack"]
[Black "Collins, Jonathan"]
[Result "1-0"]
[WhiteElo "2032"]
[BlackElo "1869"]
[WhiteFideId "343431216"]
[BlackFideId "438456"]
[EventDate "2025.07.18"]

1. c4 a6 2. Nf3 b5 3. d4 Nf6 4. e3 bxc4 5. Bxc4 d5 6. Be2 Bf5 7. Nh4 Bd7 8. O-O
e6 9. Nc3 c5 10. Nf3 Nc6 11. a3 c4 12. e4 Na5 13. Bg5 Nb3 14. exd5 Nxa1 15. Bxc4
Qc8 16. dxe6 fxe6 17. Ne5 Be7 18. Qe2 Nc2 19. Rd1 Nxa3 20. bxa3 Nd5 21. Nxd5
Bxg5 22. Nb6 Qd8 23. Nxa8 Ba4 24. Re1 O-O 25. Bxe6+ Kh8 26. Nf7+ Rxf7 27. Bxf7
Qxa8 28. Qc4 Bb5 29. Qc5 Qd8 30. Re8+ 1-0

[Event "English Open 2025"]
[Site "Kenilworth ENG"]
[Date "2025.07.20"]
[Round "5.27"]
[White "Sefton, Adam"]
[Black "Fellowes, Billy"]
[Result "1/2-1/2"]
[BlackTitle "CM"]
[WhiteElo "2047"]
[BlackElo "2193"]
[WhiteFideId "343400965"]
[BlackFideId "483540"]
[EventDate "2025.07.18"]

1. e4 c6 2. Nc3 d5 3. Nf3 Bg4 4. h3 Bxf3 5. Qxf3 e6 6. Be2 Nd7 7. O-O Ngf6 8. d4
dxe4 9. Nxe4 Nxe4 10. Qxe4 Nf6 11. Qd3 Qc7 12. c3 Be7 13. a4 a5 14. Qf3 h6 15.
Rd1 Rd8 16. Bd3 Qd6 17. Bf4 Qd5 18. Qe2 Qh5 19. Qxh5 Nxh5 20. Bc7 Ra8 21. Be5
O-O 22. Be2 Nf6 23. Bxf6 Bxf6 24. Ra3 Rfd8 25. Rb3 Rd7 26. Bf3 Rad8 27. Re1 Kf8
28. Kf1 Ra8 29. Ke2 Ke7 30. Kd3 Kd6 31. Ra3 Kc7 32. Kc2 Rad8 33. Raa1 c5 34.
dxc5 Rd2+ 35. Kb1 Rxf2 36. Ra3 Rb8 37. Rb3 b6 38. cxb6+ Rxb6 39. Rxb6 Kxb6 40.
Rd1 Kc7 41. Ka2 Be5 42. Kb3 f5 43. Re1 Kd6 44. Re2 Rxe2 45. Bxe2 Kc5 46. Bc4 Kd6
47. Kc2 Bf6 48. b4 Bd8 49. Kb3 Bf6 1/2-1/2

[Event "English Open 2025"]
[Site "Kenilworth ENG"]
[Date "2025.07.20"]
[Round "5.28"]
[White "Welling, Zac"]
[Black "Dishman, Stephen"]
[Result "1/2-1/2"]
[BlackTitle "FM"]
[WhiteElo "1966"]
[BlackElo "2274"]
[WhiteFideId "343414729"]
[BlackFideId "403024"]
[EventDate "2025.07.18"]

1. e4 c6 2. d4 d5 3. exd5 cxd5 4. Bd3 Nc6 5. c3 Qc7 6. Ne2 Bg4 7. O-O e6 8. Qe1
Nf6 9. Bg5 Bxe2 10. Qxe2 h6 11. Be3 Bd6 12. g3 O-O 13. f4 Ne4 14. Nd2 f5 15. Nf3
a6 16. Ne5 b5 17. a4 bxa4 18. Rxa4 a5 19. Rfa1 Ne7 20. Kh1 Rfb8 21. R1a2 Ra7 22.
Kg2 Rba8 23. Bb5 Bxe5 24. dxe5 Nc5 25. Qf2 Nxa4 26. Bxa7 Rxa7 27. Rxa4 Rb7 28.
Bd3 Nc6 29. Ra2 Qb6 30. Qxb6 Rxb6 31. Bc2 d4 32. Ba4 dxc3 33. bxc3 Kf7 34. Rd2
Ne7 35. c4 Rb4 36. Bb5 g5 37. Rd6 1/2-1/2

[Event "English Open 2025"]
[Site "Kenilworth ENG"]
[Date "2025.07.20"]
[Round "5.29"]
[White "Verma, Shlok"]
[Black "Watson, Jacob"]
[Result "1-0"]
[WhiteElo "2169"]
[BlackElo "1918"]
[WhiteFideId "441228"]
[BlackFideId "445037"]
[EventDate "2025.07.18"]

1. d4 d5 2. c4 dxc4 3. Nf3 Nf6 4. e3 e6 5. Bxc4 c5 6. O-O a6 7. b3 Be7 8. Bb2
Nbd7 9. Nbd2 b5 10. Be2 Bb7 11. a4 b4 12. Rc1 Rc8 13. Nc4 O-O 14. Nfe5 cxd4 15.
Bxd4 Nxe5 16. Bxe5 Bd5 17. Qd4 Bxc4 18. Bxc4 Qa5 19. Qb2 Rfd8 20. Rfd1 Rxd1+ 21.
Rxd1 Ng4 22. Bg3 h5 23. Qe2 Rc6 24. Qf3 Qc5 25. Rd7 Bf6 26. h3 Nh6 27. Bf4 Nf5
28. Qxh5 g6 29. Qd1 a5 30. e4 Ng7 31. Be3 Qe5 32. Bd4 Qg5 33. Qf3 Ne8 34. e5 Be7
35. Qxc6 Qc1+ 36. Kh2 Bg5 37. Qf3 Ng7 38. Qxf7+ 1-0

[Event "English Open 2025"]
[Site "Kenilworth ENG"]
[Date "2025.07.20"]
[Round "5.30"]
[White "James, Russell A"]
[Black "Patel, Keatan"]
[Result "1/2-1/2"]
[WhiteElo "2097"]
[BlackElo "1990"]
[WhiteFideId "407070"]
[BlackFideId "477613"]
[EventDate "2025.07.18"]

1. Nf3 c5 2. c4 g6 3. g3 Bg7 4. Bg2 Nc6 5. Nc3 d6 6. O-O Bf5 7. h3 Qd7 8. Kh2 e5
9. d3 Nge7 10. Ne1 O-O 11. Nc2 Be6 12. Bg5 d5 13. Bxe7 Nxe7 14. cxd5 Nxd5 15.
Ne4 Qe7 16. Nc3 Rad8 17. Nxd5 Bxd5 18. Bxd5 Rxd5 19. e4 Rd7 20. Ne3 f5 21. Nd5
Qd8 22. Qa4 b6 23. Rad1 f4 24. Kg2 h5 25. h4 f3+ 26. Kh2 1/2-1/2

[Event "English Open 2025"]
[Site "Kenilworth ENG"]
[Date "2025.07.20"]
[Round "5.31"]
[White "Rastogi, Nayan Keats"]
[Black "Marsden, Samuel"]
[Result "0-1"]
[WhiteElo "1891"]
[BlackElo "2065"]
[WhiteFideId "343407579"]
[BlackFideId "343452841"]
[EventDate "2025.07.18"]

1. e4 c5 2. Nf3 Nc6 3. Bb5 g6 4. Bxc6 dxc6 5. d3 Bg7 6. h3 Nf6 7. a4 Nd7 8. a5
e5 9. Be3 Qe7 10. Qc1 h6 11. O-O g5 12. Nh2 Nf8 13. Nc3 Ne6 14. Na4 O-O 15. Qd1
Rb8 16. g3 b5 17. axb6 axb6 18. Qh5 Nd4 19. Bxd4 cxd4 20. b3 b5 21. Nb2 f5 22.
f3 f4 23. Ng4 Bxg4 24. Qxg4 fxg3 25. Qxg3 Rf4 26. Ra6 Qc5 27. Qg2 Rbf8 28. Qe2
h5 0-1

[Event "English Open 2025"]
[Site "Kenilworth ENG"]
[Date "2025.07.20"]
[Round "5.32"]
[White "Byron, Alan M"]
[Black "Bevis, Noah"]
[Result "1/2-1/2"]
[WhiteElo "2040"]
[BlackElo "1934"]
[WhiteFideId "401773"]
[BlackFideId "343434630"]
[EventDate "2025.07.18"]

1. e4 c5 2. Nc3 Nc6 3. g3 g6 4. Bg2 Bg7 5. d3 d6 6. Nf3 Rb8 7. a4 a6 8. O-O e6
9. Bg5 Nge7 10. Qd2 h6 11. Be3 Qb6 12. Rfb1 Bd7 13. a5 Qc7 14. Ne2 e5 15. Ne1 h5
16. f4 Qc8 17. Nf3 Nd4 18. Nexd4 cxd4 19. Bf2 Nc6 20. Rf1 O-O 21. c3 dxc3 22.
bxc3 Bh6 23. Be3 Qd8 24. f5 Bxe3+ 25. Qxe3 Kg7 26. Nh4 Kh7 27. Bh3 Rg8 28. fxg6+
fxg6 29. Rf7+ Rg7 30. Rxg7+ Kxg7 31. Bxd7 Qxd7 32. Qg5 Ne7 33. Rf1 Qe6 34. Nf5+
Nxf5 35. exf5 Qf6 36. Qxf6+ Kxf6 37. fxg6+ Kxg6 38. Rb1 Kf6 39. Rb6 Ke6 40. h3
Rg8 41. Kf2 Rg7 42. c4 Rc7 43. g4 hxg4 44. hxg4 e4 45. dxe4 1/2-1/2

[Event "English Open 2025"]
[Site "Kenilworth ENG"]
[Date "2025.07.20"]
[Round "5.33"]
[White "Shivakumar, Akshath"]
[Black "Pick, Freddie"]
[Result "0-1"]
[WhiteElo "1822"]
[BlackElo "1934"]
[WhiteFideId "499765"]
[BlackFideId "343454097"]
[EventDate "2025.07.18"]

1. d4 Nf6 2. c4 e6 3. Nc3 Bb4 4. Qc2 O-O 5. e4 d6 6. Nf3 c5 7. a3 Bxc3+ 8. bxc3
Nc6 9. Bg5 h6 10. Bd2 e5 11. dxc5 dxc5 12. Be2 Be6 13. Be3 b6 14. h3 Qc8 15. Nd2
Na5 16. f4 exf4 17. Bxf4 Qa6 18. e5 Nd7 19. O-O Rfe8 20. Rad1 Nf8 21. Ne4 Bxc4
22. Bxc4 Nxc4 23. Nd6 Nxd6 24. exd6 Rad8 25. Qf5 Qb7 26. Qg4 Qd7 27. Qg3 Ng6 28.
Rd5 Qe6 29. Rfd1 Nxf4 30. Qxf4 Qe3+ 31. Qxe3 Rxe3 32. d7 f6 33. a4 Rxc3 34. a5
Kf7 35. axb6 axb6 36. Rb1 Ke6 37. Rd2 Ke7 38. Rxb6 Rxd7 39. Re2+ Kf7 40. Rc6 Re7
41. Ra2 Rd7 42. Re2 c4 43. Re4 Rd1+ 44. Kh2 Rdc1 45. Rc7+ Kg6 46. Rg4+ Kf5 47.
Rcxg7 Re3 48. Rc7 c3 49. Rgc4 Rc2 50. R7c5+ Kg6 51. Rg4+ Kf7 52. Rc7+ Ke6 53.
Rgg7 Kd5 54. Rgd7+ Ke4 55. Rc4+ Ke5 56. Rc5+ Ke6 57. Rcc7 Kf5 58. Rc5+ Re5 59.
Rc4 Ree2 60. Rg7 Ke6 61. Rcc7 Kd5 62. Rgd7+ Ke4 63. Rc4+ Ke3 64. Rg4 Kf2 65. Rg3
Rcd2 66. Rxc3 Rxd7 67. Rf3+ Ke1 68. Rxf6 Rg7 69. Kh1 Rgxg2 70. Re6 Rxe6 71. Kxg2
Re3 72. h4 h5 73. Kh2 Kf2 74. Kh1 Rh3# 0-1

[Event "English Open 2025"]
[Site "Kenilworth ENG"]
[Date "2025.07.20"]
[Round "5.34"]
[White "De Coverly, Roger D"]
[Black "Manley, Jon P"]
[Result "0-1"]
[WhiteElo "1956"]
[BlackElo "2096"]
[WhiteFideId "405213"]
[BlackFideId "403296"]
[EventDate "2025.07.18"]

1. e4 e5 2. Nf3 Nc6 3. Bb5 a6 4. Ba4 Nf6 5. O-O Be7 6. Re1 b5 7. Bb3 d6 8. c3
Na5 9. Bc2 c5 10. d4 Qc7 11. d5 O-O 12. Nbd2 c4 13. h3 Bd7 14. Nf1 Nb7 15. Ng3
g6 16. Bh6 Rfb8 17. Qd2 Ne8 18. h4 f6 19. Be3 Ng7 20. h5 Nc5 21. hxg6 hxg6 22.
Bxc5 Qxc5 23. Qh6 Qc8 24. Qxg6 Be8 25. Qh6 Qd8 26. Nf5 Nxf5 27. exf5 Bf8 28. Qh3
Rb7 29. Re4 Rh7 30. Nh4 Raa7 31. Rae1 Rag7 32. R1e3 Bf7 33. Rg4 Bxd5 34. Rxg7+
Bxg7 35. Qg4 Bf7 36. Ng6 Rh6 37. Rg3 Rh7 38. b3 Qd7 39. Qf3 d5 40. Nxe5 Qe7 41.
Qe3 fxe5 42. f6 Qxf6 43. Bxh7+ Kxh7 44. bxc4 bxc4 45. Rf3 Qe7 46. Qb6 d4 47.
Rh3+ Kg8 48. cxd4 exd4 49. Qb8+ Qe8 50. Qxe8+ Bxe8 51. Kf1 c3 52. Ke1 Bb5 53.
Kd1 d3 54. Rh4 c2+ 55. Kc1 Bf6 56. Rg4+ Kh7 57. g3 a5 58. a4 Bd7 59. Rc4 Be8 60.
f4 Bf7 61. Rc5 Bd4 62. Rc7 Be3+ 63. Kb2 Kg6 64. f5+ Kf6 65. g4 Bd5 0-1